Hướng dẫn thực hành địa lí 11 Trung học phổ thông

Na minha lista:
Detalhes bibliográficos
Outros Autores: Lâm Quang Dốc (ch.b.), Nguyễn Xuân Ho (b.s.), Đỗ Ngọc Tiến (ch.b.), Nguyễn Viết Thịnh (b.s.)
Formato: Livro
Idioma:Vietnamese
Publicado em: H. Đại học Sư phạm 2007
Assuntos:
Tags: Adicionar Tag
Sem tags, seja o primeiro a adicionar uma tag!
Thư viện lưu trữ: Mạng thư viện Đại học Đà Nẵng
LEADER 01546aam a22004218a 4500
001 000008805
003 4998
005 20111021131007.0
008 111021s2007 viesd
020 |c 6500đ  |d 10000b 
041 0 |a vie 
082 1 4 |2 14  |a 910.71  |b Thư 
084 |a Đ8z72 
245 |a Hướng dẫn thực hành địa lí 11  |b Trung học phổ thông  |c B.s.: Lâm Quang Dốc, Đỗ Ngọc Tiến (ch.b.), Nguyễn Viết Thịnh.. 
260 |a H.  |b Đại học Sư phạm  |c 2007 
300 |a 55tr.  |b bảng, hình vẽ  |c 27cm 
500 |a ĐTTS ghi: Trường đại học Sư phạm Hà Nội 
650 7 |2 Bộ TK TVQG  |a Địa lí 
650 7 |2 Bộ TK TVQG  |a Lớp 10 
650 7 |2 Bộ TK TVQG  |a Thực hành 
650 7 |2 Bộ TK TVQG  |a Bài tập 
651 7 |2 Bộ TK TVQG  |a Thế giới 
655 7 |2 Bộ TK TVQG  |a Sách đọc thêm 
700 1 |a Lâm Quang Dốc  |e ch.b. 
700 1 |a Nguyễn Xuân Hoà  |e b.s. 
700 1 |a Đỗ Ngọc Tiến  |e ch.b. 
700 1 |a Nguyễn Viết Thịnh  |e b.s. 
910 |a Nguyễn Thị Kim Oanh  |d 21/10/2011 
OWN |a LSP 
AVA |a UDN50  |b LSP  |d 910.71 Thư  |e available  |t Error 5001 Not defined in file expand_doc_bib_avail.  |f 5  |g 0  |h N  |i 0  |k 1 
999 |a From the UDN01 
AVA |a UDN50  |b LSP  |d 910.71 Thư  |e available  |t Error 5001 Not defined in file expand_doc_bib_avail.  |f 5  |g 0  |h N  |i 0  |k 1 
TYP |a Monograph 
TYP |a Printed language 
980 |a Mạng thư viện Đại học Đà Nẵng